| 000 | 00798nam a2200205 a 4500 | ||
|---|---|---|---|
| 003 | 0 | ||
| 005 | 20250321092655.0 | ||
| 008 | 060801s19uu xx 00 eng d | ||
| 050 |
_aPGS BF 637.C4.M43 _b.J64 2006 |
||
| 100 | _aJoel, Kenneth James M. | ||
| 245 |
_aThe effects of media personalities on the career choices / _cKenneth James M. Joel. |
||
| 260 |
_aLas PiƱas City, Philippines : _bSouthville International School and Colleges, _c2006. |
||
| 300 |
_a29 pages : _billustrations ; _c28 cm. |
||
| 504 | _aIncludes bibliographical references. | ||
| 650 |
_aTelevision Personalities _vInfluence on Youth. |
||
| 650 | _aSocial Influence of Celebrities on Career Aspirations. | ||
| 650 |
_aCareer Choice _vInfluence of Media. |
||
| 650 | _aMass Media and Education. | ||
| 942 |
_2lcc _cPASS |
||
| 999 |
_c97496 _d97496 |
||